| 000 | 00586 a2200169 4500 | ||
|---|---|---|---|
| 020 | _a0071152245 (hardcover) | ||
| 020 | _a9780071152242 (hardcover) | ||
| 090 |
_c5088 _d5088 |
||
| 100 | 1 | _aCascio, Wayne F. | |
| 245 | 1 | 0 |
_aManaging human resources : _bproductivity, quality of work life, profits / _cWayne F. Cascio. |
| 250 | _aInternat.2r.e. ed. | ||
| 260 |
_a[S.l.] : _bMcGraw-Hill Education (ISE Editions), _c1997. |
||
| 300 | _a704 p. | ||
| 500 | _aImport. | ||
| 856 | 4 | 0 |
_3Amazon.com _uhttp://www.amazon.com/exec/obidos/ASIN/0071152245/chopaconline-20 |
| 942 |
_aNBS _cBK _k658 CAS |
||
| 999 |
_c347510 _d347510 |
||